000 04595cam a22013214i 4500
003 PE-LiUPU
005 20250813185439.0
008 150623s r 000 0 d
035 _a(Sirsi) a25697
040 _aPE-LiUPU
_bspa
_cPE-LiUPU
_erda
082 0 4 _a378.00985
_bHM
_221
082 0 4 _a378.00985
_bA79 N°5 2001
_221
110 2 _aPerú. Asamblea Nacional de Rectores. Instituto de Investigación y Fomento de la Modernización y Acreditación de las Universidades Peruanas
245 1 0 _aHacia un sistema de normas académicas de gestión de la calidad /
_cAsamblea Nacional de Rectores, Instituto de Investigación y Fomento de la Modernización y Acreditación de las Universidades Peruanas.
250 _aNo tiene
264 1 _aLima :
_bIFOMACU,
_c2001 (Lima : Edit. Impr. Unión).
300 _a345 páginas :
_bilustraciones, cuadros, gráficos ;
_c21 cm.
336 _atext
_2rdacontent
337 _aunmediated
_2rdamedia
338 _avolume
_2rdacarrier
490 0 _a[Hacia la modernización y acreditación integral de las universidades peruanas] ;
_v5
504 _aIncluye bibliografía.
505 0 _aHacia un sistemas de normas académicas peruanas ISO-propuestas. Sistema de normas académicas tipo ISO - fundamentos y vocabulario. Sistema de normas académicas peruanas - requisitos. Guía para la evaluación universitaria.
526 _aP202
526 _aP201
526 _aP163
526 _aP162
526 _aP161
526 _aP160
526 _aP148
526 _aP147
526 _aP146
526 _aP145
526 _aP144
526 _aP143
526 _aP142
526 _aP141
526 _aP140
526 _aP139
526 _aP138
526 _aP137
526 _aP136
526 _aP135
526 _aP134
526 _aP133
526 _aP129
526 _aP128
526 _aP127
526 _aP120
526 _aP119
526 _aP118
526 _aP116
526 _aP115
526 _aP114
526 _aP110
526 _aP109
526 _aP108
526 _aP104
526 _aP103
526 _aP102
526 _aP99
526 _aP98
526 _aP97
526 _aP96
526 _aP95
526 _aP93
526 _aP90
526 _aP89
526 _aP88
526 _aP83
526 _aP82
526 _aP62
526 _aP59
526 _aP58
526 _aP57
526 _aP51
526 _aP49
526 _aP48
526 _aP47
526 _aP29
526 _aP24
526 _aP20
526 _aP19
526 _aP17
526 _aP15
526 _aP14
526 _aP12
526 _aP10
526 _aP09
526 _aP08
526 _aP07
526 _aP06
526 _aP05
526 _aP04
526 _aP01
541 _g001-00003175;
650 0 4 _aUniversidades
_zPerú
_vNormatividad.
650 0 4 _aGestión educacional
_zPerú.
910 _btqv
_caic
_d20170113
942 _2ddc
_cBOOK
949 _a378.00985 HM 5
_wDEWEY
_c1
_i49826
_lCCODEBUL1
_mBUL
_p00.00
_r0
_sY
_tBOOK
_u2015-06-24
_xBIBLIOTECA
_zUNKNOWN
_0COMPRA
_o.STAFF. Colección General
949 _a378.00985 HM 5
_wDEWEY
_c2
_i61656
_lCCODEBUL1
_mBUL
_p00.00
_r0
_sY
_tBOOK
_u2015-06-24
_xBIBLIOTECA
_zUNKNOWN
_0COMPRA
_o.STAFF. Colección General
949 _a378.00985 HM 5
_wDEWEY
_c3
_i61657
_lCCODEBUL1
_mBUL
_p00.00
_r0
_sY
_tBOOK
_u2015-06-24
_xBIBLIOTECA
_zUNKNOWN
_0COMPRA
_o.STAFF. Colección General
949 _a378.00985 A79 N°5 2001
_wDEWEY
_c1
_iFJ05337
_lCCODEBUJ1
_mBUJ
_p20.00
_r0
_sY
_tBOOK
_u2017-01-13
_xBIBLIOTECA
_zUNKNOWN
_0COMPRA
_o.STAFF. Colección General Juliaca
596 _a1 3
999 _a378.00985 HM 5
_wDEWEY
_c32646
_i49826
_d32646
_e2016-4-24
_f2021-11-8
_g5
_lCCODEBUL1
_mBUL
_n2
_r0
_sY
_tBOOK
_u2015-6-24
_xEDUCACION
_zUNKNOWN
_0COMPRA
_o.STAFF. Colección General
999 _a378.00985 HM 5
_wDEWEY
_c2
_i61656
_d2020-3-10
_e2020-3-10
_f2021-11-8
_g5
_lCCODEBUL1
_mBUL
_n1
_r0
_sN
_tBOOK
_u2015-6-24
_xEDUCACION
_zUNKNOWN
_0COMPRA
_o.STAFF. Colección General
999 _a378.00985 HM 5
_wDEWEY
_c3
_i61657
_f2021-11-8
_g5
_lCCODEBUL1
_mBUL
_r0
_sN
_tBOOK
_u2015-6-24
_xEDUCACION
_zUNKNOWN
_0COMPRA
_o.STAFF. Colección General
999 _a378.00985 A79 N°5 2001
_wDEWEY
_c1
_iFJ05337
_d2018-11-9
_f2022-1-18
_g2
_lCCODEBUJ1
_mBUJ
_p20.00
_q2
_r0
_sY
_tBOOK
_u2017-1-13
_xBIBLIOTECA
_zUNKNOWN
_0COMPRA
_o.STAFF. Colección General Juliaca
980 _81
_gALBERTO SANCHEZ Responsable de Automatización